A textbook of electrical technology Vol.II : (Record no. 592217)

000 -LEADER
fixed length control field 01046nam a22001817a 4500
003 - CONTROL NUMBER IDENTIFIER
control field NUST
005 - DATE AND TIME OF LATEST TRANSACTION
control field 20221102103850.0
020 ## - INTERNATIONAL STANDARD BOOK NUMBER
International Standard Book Number 9788121924345
082 ## - DEWEY DECIMAL CLASSIFICATION NUMBER
Classification number 621.31,THE
100 ## - MAIN ENTRY--PERSONAL NAME
Personal name Theraja, B.L.,
9 (RLIN) 7131
245 ## - TITLE STATEMENT
Title A textbook of electrical technology Vol.II :
Remainder of title AC and DC machines /
Statement of responsibility, etc. B.L.Theraja, A.K.Theraja
260 ## - PUBLICATION, DISTRIBUTION, ETC.
Place of publication, distribution, etc. S.Chand & Company
Name of publisher, distributor, etc. New Delhi
Date of publication, distribution, etc. 2015
300 ## - PHYSICAL DESCRIPTION
Extent xiii, 1568
505 ## - FORMATTED CONTENTS NOTE
Formatted contents note Elements of Electro-mechanical Energy Conversion (Page-865), D.C. Generators (Page-887), Armature reaction and Commutation (Page-937), Generator Characteristics (Page-967), D.C. Motor (Page-995), Speed Control of D.C. Motors (Page-1031), Testing of D.C. Machines (Page-1091), Transformer (Page-1115), Transformer: Three Phase (Page-1211), Induction Motor (Page-1243), Computation and Circle Diagrams (Page-1313), Single-Phase Motors (Page-1367), Alternators (Page-1401), Synchronous Motor (Page-1489), Special Machines (Page-1535),
650 ## - SUBJECT ADDED ENTRY--TOPICAL TERM
Topical term or geographic name entry element AC and DC machines
9 (RLIN) 102233
651 ## - SUBJECT ADDED ENTRY--GEOGRAPHIC NAME
Geographic name electrical technology
9 (RLIN) 102234
942 ## - ADDED ENTRY ELEMENTS (KOHA)
Source of classification or shelving scheme
Koha item type Book
Holdings
Withdrawn status Lost status Source of classification or shelving scheme Damaged status Not for loan Permanent Location Current Location Shelving location Date acquired Total Checkouts Full call number Barcode Date last seen Date last checked out Price effective from Koha item type Public note
          Military College of Signals (MCS) Military College of Signals (MCS) General Stacks 11/02/2022 2 621.31,THE MCS38149 01/06/2026 08/18/2025 11/02/2022 Book Almirah Fresh No.45, Shelf No.1
© 2023 Central Library, National University of Sciences and Technology. All Rights Reserved.